Economic and Social Impacts of FDI in Central, East and Southeast Europe

Na minha lista:
Detalhes bibliográficos
Autor principal: Jovanović, Branimir
Outros Autores: Hanzl-Weiss, Doris
Formato: Livro
Idioma:inglês
Publicado em: Vienna The Vienna Institute for International Economic Studies 2022
Assuntos:
Tags: Adicionar Tag
Sem tags, seja o primeiro a adicionar uma tag!

MARC

LEADER 00000nlm a2200000 4500
001 0291192
005 20240416114203.9
041 0 |a eng 
044 |a AT 
245 1 0 |a Economic and Social Impacts of FDI in Central, East and Southeast Europe  |c Branimir Jovanović and Doris Hanzl-Weiss 
264 1 |a Vienna  |b The Vienna Institute for International Economic Studies  |c 2022 
300 |a 44 s. 
610 2 0 |a investície priame zahraničné 
610 2 0 |a rast hospodársky 
610 2 0 |a nezamestnanosť 
610 2 0 |a chudoba 
610 2 0 |a stredná Európa 
610 2 0 |a východná Európa 
610 2 0 |a juhovýchodná Európa 
100 1 |a Jovanović, Branimir 
700 1 |a Hanzl-Weiss, Doris